Cosmovisión del novelista John Irving
Guardat en:
| Autor principal: | |
|---|---|
| Format: | Llibre |
| Idioma: | espanyol |
| Publicat: |
Ciudad de México
Noema
1984
|
| Matèries: | |
| Etiquetes: |
Afegir etiqueta
Sense etiquetes, Sigues el primer a etiquetar aquest registre!
|
MARC
| LEADER | 00000nam a2200000 a 4500 | ||
|---|---|---|---|
| 001 | UCX0285 | ||
| 003 | CL-VaPUC | ||
| 008 | 890907e19840000MX |||||||||||||||||spa|d | ||
| 082 | 0 | 4 | |a 813.09 |b MIL |2 21 |
| 100 | |a Miller, Gabriel |e autor |9 315663 | ||
| 245 | 1 | 0 | |a Cosmovisión del novelista John Irving |
| 300 | |a 200 p | ||
| 942 | |c BK | ||
| 945 | |d 19890907 00:00:00 | ||
| 260 | |a Ciudad de México |b Noema |c 1984 | ||
| 600 | 0 | |a Irving, John |d 1942- |9 315664 | |
| 650 | 0 | |a Crítica e interpretación |9 255042 | |
| 583 | |a last modification |c 19890907 00:00:00 |k Rodrigo Vera | ||
| 999 | |c 221930 |d 221928 | ||
| 952 | |0 0 |1 0 |4 0 |6 813_090000000000000_MIL_1984 |7 0 |8 A |9 216008 |a BIBEDU |b BIBEDU |d 2019-11-15 |i 2845768 |o 813.09 MIL 1984 |p 2845768 |r 2019-11-15 |w 2019-11-15 |y BK |k LIT | ||